000 00686nam a2200253Ia 4500
003 OSt
005 20220918185911.0
006 a|||||r|||| 00| 0
007 ta
008 220917b |||||||| |||| 00| 0 eng d
020 _c60
024 _a53,377
037 _cTextual
040 _aARTS
_cARTS
_beng
041 _2eng
_aeng
082 _aP15, 111M4
100 _aKrishnamurthy ND
_970666
245 0 _aConversational sanskrit
_b a microwave approach
260 _abangalore
_bAdarsha education and social service
_c1984
300 _axv,392p.
_ccm.
650 _aLINGUISTICS
942 _hP15, 111M4
_cTEXL
_2CC
999 _c182615
_d182615